Análisis de las restricciones culturales del costarricense que limitan la competitividad y productividad de las empresas y la propuesta de una estrategia para el desarrollo de una cultura de calidad en Costa Rica
Gardado en:
| Autor Principal: | |
|---|---|
| Formato: | Libro |
| Publicado: |
San José, C.R.
2005
|
| Materias: | |
| Etiquetas: |
Engadir etiqueta
Sen Etiquetas, Sexa o primeiro en etiquetar este rexistro!
|
MARC
| LEADER | 00000nam a2200000Ia 4500 | ||
|---|---|---|---|
| 003 | 009470 | ||
| 005 | 20221231144133.0 | ||
| 008 | 140114s2005 cr a m 000 ||s d | ||
| 040 | |c cru CEDI | ||
| 090 | |a TFG 5008 | ||
| 100 | |a Álvarez Pérez, Eric |9 6139 | ||
| 245 | |a Análisis de las restricciones culturales del costarricense que limitan la competitividad y productividad de las empresas y la propuesta de una estrategia para el desarrollo de una cultura de calidad en Costa Rica | ||
| 260 | |c 2005 |a San José, C.R. | ||
| 300 | |a xix, 126 [103] hojas : ilustraciones | ||
| 500 | |a Tesis (magister scientiae en ingeniería industrial)--Universidad de Costa Rica. Sistema de Estudios de Posgrado | ||
| 650 | |x COMPETITIVIDAD |x PRODUCTIVIDAD DEL TRABAJO |x RECURSOS HUMANOS |x VALORES SOCIALES |x COSTARRICENSES |x IDENTIDAD CULTURAL |9 6140 | ||
| 942 | |c TFG | ||
| 999 | |c 17415 |d 17415 | ||
